000 00813nam a2200265Ia 4500
003 OSt
005 20220923223041.0
006 a|||||r|||| 00| 0
007 ta
008 220922b |||||||| |||| 00| 0 hin d
020 _c6
024 _a210,078
037 _cTextual
040 _aARTS
_cARTS
_bhin
041 _2hin
_ahin
082 _aO152,3N3010,KP, L8
100 _aसिंह, राजेन्द्र पाल
245 0 _aकटी परिधि
246 _aKaṭī paridhi
260 _aदिल्ली
_b प्रवीण प्रका0
_c1978
300 _a80पृ.
_ccm.
650 _aहिन्दी कहानी
942 _hO152,3N3010,KP, L8
_cTEXL
_2CC
999 _c360627
_d360627